| 000 | 00950nam a2200205Ii 4500 | ||
|---|---|---|---|
| 003 | JO-AjNU | ||
| 008 | 230605s9999||||xx |||||||||||||| ||und|| | ||
| 017 | _a2010/24778 | ||
| 040 |
_aJO-AjNU _bara _erda _cJO-AjNU |
||
| 041 | _aara | ||
| 050 | 1 | 4 | _aPN4748 2011 |
| 100 | 3 |
_aالمنظمة العربية للتنمية الإدارية, _eauthor _934469 |
|
| 245 | 0 | 0 | _aالصحافة الإلكترونية: بحوث وأوراق عمل ملتقى الصحافة الإلكتروني " مستقبل وسائل الإعلام في العصر الرقمي " القاهرة - جمهورية مصر العربية، نوفمبر 2010 |
| 264 | 3 | 1 | _aالقاهرة: المنظمة العربية للتنمية الإدارية، 2011 |
| 300 | _a331ص | ||
| 336 |
_atext _btxt _2rdacontent |
||
| 337 |
_aunmediated _bn _2rdamedia |
||
| 338 |
_avolume _bnc _2rdacarrier |
||
| 650 | 4 |
_aالصحافة الإلكترونية - بحوث - ملتقى _934470 |
|
| 999 |
_aA14137 _c17705 _d17705 |
||